Americas by First 3 Letters Quiz Stats

 Plays Quiz Updated Dec 6, 2018

Support Sporcle.
Go Orange.
Score 0/35 Timer 01:00
5 Plays Today
Country % Correct
United States of America
94.6%
Canada
94.6%
Mexico
92%
Brazil
87.8%
Argentina
81.9%
Chile
78.7%
Peru
71.7%
Uruguay
71.6%
Paraguay
71.4%
Panama
71.1%
Colombia
70.5%
Cuba
69.5%
Guatemala
64.7%
Venezuela
63.5%
Honduras
62%
Belize
60.5%
Dominican Republic
60.4%
Dominica
60.4%
Country % Correct
Bolivia
59.2%
Costa Rica
57.8%
Ecuador
57.4%
Nicaragua
57.4%
Haiti
56.7%
El Salvador
55.8%
Jamaica
55.7%
Guyana
52.9%
St Kitts and Nevis
52.5%
Bahamas
50.8%
Suriname
50.5%
St Lucia
47.7%
St Vincent and the Grenadines
46.9%
Trinidad and Tobago
42%
Barbados
41.7%
Antigua and Barbuda
37.6%
Grenada
35.9%

From the Vault

Los Angeles Lakers MVP Votes

by dabbas

Sports 4m
We're still salty that none of this was conducted in relation to an actual lake or body of water.
Remove Ads.
Support Sporcle.
Get the best of Sporcle when you Go Orange. This ad-free experience offers more features, more stats, and more fun while also helping to support Sporcle. Thank you for becoming a member.

Show Comments

Extras

Top Quizzes Today


Score Distribution

Your Account Isn't Verified!

In order to create a playlist on Sporcle, you need to verify the email address you used during registration. Go to your Sporcle Settings to finish the process.

Report this User

Report this user for behavior that violates our Community Guidelines.

Details: